000 00271nam a22001217a 4500
008 170303b xxu||||| |||| 00| 0 eng d
041 _aeng
080 _24 ED
_a575
100 _a6
101 _aSHM
245 _aMOLECULAR BIOLOGY OF THE GENE
_cHOPKINS.W
942 _2udc
_cBK
999 _c6741
_d6741